Spider-Man Characters Quick-Click Quiz Stats

 Plays Quiz not verified by Sporcle

Score 0/36 Timer 01:00
2 Plays Today
% Correct
Kingpin
61.7%
Mary Jane
61.4%
Rhino
60.5%
Doc Ock
59.1%
Vulture
59%
Spider-Man
59%
Black Cat
58.5%
Mysterio
58.4%
Jameson
57.1%
Sandman
57%
Venom
57%
Lizard
56.7%
Carnage
56.5%
Electro
56.4%
Mad Jack
56%
Silver
Sable
55.8%
Shocker
55.7%
Kraven
55.5%
% Correct
Scorpion
55.5%
Symbiote
55.4%
Green
Goblin
53.7%
Spider-Hulk
52.9%
Hydro-Man
52.5%
Scarlet
Spider
51.7%
Hobgoblin
51%
Tombstone
50.2%
Morbius
49.9%
Anti-Venom
49.5%
Chameleon
48.6%
Prowler
45.6%
Molten Man
45.4%
Jackal
45.3%
Tarantula
42.9%
Puma
40.6%
Demogoblin
40.4%
Carrion
36%

You're not logged in!

Compare scores with friends on all Sporcle quizzes.
OR
Log In

Show Comments

Extras

Top Quizzes Today


Score Distribution

Your Account Isn't Verified!

In order to create a playlist on Sporcle, you need to verify the email address you used during registration. Go to your Sporcle Settings to finish the process.

Report this User

Report this user for behavior that violates our Community Guidelines.

Details: